[Event "Santa Fe Litoral op 2nd"]
[Site "Santa Fe"]
[Date "2022.11.11"]
[Round "3"]
[White "Manzoni Orlando, Lucas Luis"]
[Black "Sobrero, Jose Luis"]
[Result "0-1"]
[WhiteElo "1288"]
[BlackElo "1810"]
[PlyCount "68"]
[EventDate "2022.11.10"]
[EventType "swiss"]
[EventRounds "7"]
[EventCountry "ARG"]
[SourceTitle "CBM 211 Extra"]
[Source "ChessBase"]
[SourceDate "2023.01.31"]
[SourceVersion "1"]
[SourceVersionDate "2023.01.31"]
[SourceQuality "1"]

1. d4 c5 2. d5 Nf6 3. c4 e6 4. Nc3 exd5 5. cxd5 d6 6. Bg5 h6 7. Bh4 Nbd7 8. Nf3 a6 9. a4 Qb6 10. Qc2 Qa5 11. Qb1 Be7 12. e4 0-0 13. Bg3 Nh5 14. Be2 Nxg3 15. hxg3 Bf6 16. Qc1 Ne5 17. Nxe5 Bxe5 18. 0-0 f5 19. Bd3 f4 20. gxf4 Bxf4 21. Qe1 Qd8 22. Rb1 Qg5 23. Ne2 Bd7 24. Nxf4 Rxf4 25. Qe3 Bxa4 26. g3 Rg4 27. Qxg5 Rxg5 28. b4 c4 29. Bxc4 Bc2 30. Rbe1 Rc8 31. Be2 Bxe4 32. Bxa6 Bxd5 33. Rd1 Bf3 34. Rxd6 Rh5 0-1